| 000 | 00416nam a2200181Ia 4500 | ||
|---|---|---|---|
| 005 | 20240823055334.0 | ||
| 008 | 240823s9999||||xx |||||||||||||| ||und|| | ||
| 041 | _aENGLISH | ||
| 082 | _A362.5 Q4 | ||
| 100 | _aMurukadas C | ||
| 245 | 0 | _aPoverty and Inequality in Urban India | |
| 250 | _a1st | ||
| 260 |
_c2014 _bRAC Publica |
||
| 500 | _aYES | ||
| 650 |
_aHistory _bGeneral |
||
| 942 | _cBK | ||
| 999 |
_c228552 _d228552 |
||